| 000 | 01890 a2200337 4500 | ||
|---|---|---|---|
| 003 | OSt | ||
| 005 | 20180116192333.0 | ||
| 008 | 120515t xxu||||| |||| 00| 0 eng d | ||
| 010 | _a 2003002424 | ||
| 020 | _a0471439630 (acid-free paper) | ||
| 020 | _a9780471439639 | ||
| 040 | _c0 | ||
| 082 | 0 | 0 | _a727.3 |
| 100 | 1 |
_aNeuman, David J. _91362 |
|
| 245 | 1 | 0 |
_aBuilding type basics for college and university facilities / _cDavid J. Neuman ... [et al.]. |
| 260 |
_aHoboken, NJ : _bJohn Wiley, _cc2003. |
||
| 300 |
_aviii, 311 p. : _bill. (some col.) ; _c24 cm. |
||
| 490 | 1 | _aBuilding type basics | |
| 500 | _a"Stephen A. Kliment, series founder and editor"--T.p. | ||
| 505 | _a 1. Campus Planning (D. Neuman). 2. The New University and Sustainability: Recent Case Studies (D. Nelson). 3. Libraries/Learning Centers (J. Ruble & M. Yudell). 4. Academic Buildings and Professional Schools (G. Wyatt). 5. Science Teaching and Research Facilities (M. Lauber). 6. Housing (C. Davis). 7. Athletics and Recreation Facilities (R. Viklund). 8. Social and Support Facilities (J. Timberlake). 9. Cultural Centers (J. Gath_& D. Waters). Bibliography and References. Index. | ||
| 650 | 0 |
_aCollege buildings. _91363 |
|
| 650 | 0 |
_aCampus planning. _91364 |
|
| 650 | 0 |
_aCollege facilities _xPlanning. _91365 |
|
| 700 | 1 |
_aKliment, Stephen A. _91366 |
|
| 830 | 0 |
_aBuilding type basics series _91367 |
|
| 856 | 4 | 2 |
_3Contributor biographical information _uhttp://www.loc.gov/catdir/bios/wiley046/2003002424.html |
| 856 | 4 | 2 |
_3Publisher description _uhttp://www.loc.gov/catdir/description/wiley0310/2003002424.html |
| 856 | 4 | 2 |
_3Table of contents _uhttp://www.loc.gov/catdir/toc/wiley031/2003002424.html |
| 942 |
_aSADA _cBK _k727.3 NEU 2003 _2ddc |
||
| 999 |
_c352367 _d352367 |
||